| 000 | 00657nam a2200217 a 4500 | ||
|---|---|---|---|
| 999 |
_c11700 _d11700 |
||
| 001 | 11700 | ||
| 003 | BD-JhCC | ||
| 005 | 20200723095452.0 | ||
| 008 | 200723b2009 bg |||| ||a| 000 0 ben d | ||
| 020 | _a9847019500159 | ||
| 035 | _a(BD-JhCC)11700 | ||
| 040 |
_aBD-JhCC _dBD-JhCC |
||
| 041 | _aben | ||
| 082 |
_a891.4409 _bEQB 2009 |
||
| 245 |
_aএকবাল আহমদ: _bপাঠ ও বিবেচনা / _cসম্পা:শরীফ আতিক-উজ-জামান । |
||
| 260 |
_aঢাকা: _bসংবেদ; _c২০০৯. |
||
| 300 |
_a215 p. : _c22 cm. |
||
| 650 | _aBengali literature | ||
| 942 |
_2ddc _cBK |
||